000 00613nam a2200241Ia 4500
008 160303s9999 xx 000 0 und d
020 _a971-08-6221-9
050 _aFIL BC 71
050 _b. B38 2002 c.2
100 _aBauzon, Prisciliano T.
245 _aLogic for Filipinos /
245 _cPrisciliano T. Bauzon.
250 _a2nd Edition
260 _aMandaluyong:
260 _bNational Book Store,
260 _c2002
300 _a251 pages :
300 _billustrations ;
300 _c22 cm.
500 _aIncludes bibliographical references.
650 _aLogic.
650 _aSyllogism
999 _c291160
_d291160